000 00655nam a2200277Ia 4500
005 20260324111415.0
008 008 260324s9999 xx 000 0 eng d
020 _a9781003597964
037 _aEBOOK
040 _aCRL
040 _beng
040 _cCRL
041 _2eng
041 _aeng
084 _qCRL
100 _aRafael Cubarsi
_91138434
245 0 _aChord Transformations in Higher-Dimensional Networks
260 _bTaylor and Francis
260 _c2025
365 _a
365 _b355
856 _uhttp://www.taylorfrancis.com/books/9781003597964
942 _cEBOOK
999 _c1727243
_d1727243